Rouergue Roman

محفوظ في:
التفاصيل البيبلوغرافية
التنسيق: كتاب
اللغة:الفرنسية
منشور في: París Zodiaque 1963
سلاسل:La nuit des temps, 17
الموضوعات:
الوسوم: إضافة وسم
لا توجد وسوم, كن أول من يضع وسما على هذه التسجيلة!

MARC

LEADER 00000nam a2200000 a 4500
001 UCV7999
003 CL-VaPUC
008 900402e19630000FR |||||||||||||||||fre|d
082 0 4 |a 709.021  |b ROU  |2 21 
245 1 0 |a Rouergue Roman 
300 |a 294 p 
942 |c BK 
945 |d 19900402 00:00:00 
260 |a París  |b Zodiaque  |c 1963 
650 0 |a Arte románico   |9 301890 
583 |a last modification  |c 19900402 00:00:00  |k Rodrigo Vera 
490 0 |a La nuit des temps, 17 
999 |c 213592  |d 213590 
952 |0 0  |1 0  |4 0  |6 709_021000000000000_ROU_1963  |7 0  |8 P  |9 196106  |a BIBARQ  |b BIBARQ  |d 2019-11-14  |i 2640430  |o 709.021 ROU 1963  |p 2640430  |r 2025-01-20  |w 2019-11-14  |y BK  |k ARQ